| 000 | 00354nam a2200109 a 4500 | ||
|---|---|---|---|
| 005 | 20140414093831.0 | ||
| 008 | 970109s19uu xx 00 eng d | ||
| 050 |
_aVHS 500 _bOR 05 |
||
| 245 |
_aBritannica Science and Technology Video Library : _bVideo 15. Human Beings. Human Reproductive System, Binomials, Factoring. |
||
| 942 | _cAVM | ||
| 999 |
_c108754 _d108754 |
||